000 00713cam a2200229 a 4500
001 sa 66000052
003 DLC
005 20260227112212.0
008 811006s1964 ii a b 001 0 eng
010 _asa 66000052
035 _a(OCoLC)7821394
040 _aDLC
_cDLC
050 0 0 _aHJ141
_b.G35 1964
100 1 _aGanguly, Subrata,
_cM.A.
245 1 0 _aPublic finance :
_ba normative approach /
_cby Subrata Ganguly.
250 _aThroughly rev. and enl. 2nd ed.
260 _aCalcutta :
_bNababharat Publishers,
_c1964.
300 _axii, 251 p. :
_bill. ;
_c23 cm.
500 _aPrevious ed.: 1963.
504 _aIncludes bibliographical references (p. [241]-248) and index.
650 0 _aFinance, Public.
999 _c67008
_d67008